Diez pensamientos acerca de la política

Salvato in:
Dettagli Bibliografici
Autore principale: Esposito, Roberto (Autore)
Natura: Libro
Lingua:spagnolo
Pubblicazione: Buenos Aires Fondo de Cultura Económica 2012
Edizione:1a. ed
Serie:Sección Obras de Filosofía
Soggetti:
Tags: Aggiungi Tag
Nessun Tag, puoi essere il primo ad aggiungerne!!

MARC

LEADER 00000cam a2200000 a 4500
001 UCE1068
003 CL-VaPUC
008 140324e20120000ag |||||||||||||||||spa|d
020 |a 9789505579174 
082 0 4 |a 320.01  |b ESP  |2 21 
100 0 |a Esposito, Roberto  |e author  |9 573454 
245 1 0 |a Diez pensamientos acerca de la política 
250 |a 1a. ed 
300 |a 295 p 
942 |c BK 
945 |d 20140324 12:18:00  |a dcastane 
260 |a Buenos Aires  |b Fondo de Cultura Económica  |c 2012 
650 7 |a FILOSOFIA POLITICA  |2 CL-VaPUC  |9 573455 
650 0 |a Ciencia política  |9 324218 
650 0 |a Crítica e interpretación   |9 255042 
650 0 |a Democracia  |9 255256 
583 |a last modification  |c 20140324 12:18:00  |k Rodrigo Vera 
490 0 |a Sección Obras de Filosofía 
999 |c 355007  |d 355005 
952 |0 0  |1 0  |3 erb  |4 0  |6 320_010000000000000_ESP_2012  |7 0  |8 A  |9 461304  |a BIBDER  |b BIBDER  |i 5062330  |o 320.01 ESP 2012  |p 5062330  |r 2023-01-25  |w 2019-11-23  |y BK  |z Catalogado en:20140324  |k DER